|
|
|
|
| LEADER |
01230nam a22003257a 4500 |
| 001 |
36051 |
| 003 |
BD-DhAAL |
| 005 |
20250622104829.0 |
| 008 |
010721r20012005enka b 001 0 eng d |
| 010 |
|
|
|a 2001270045
|
| 015 |
|
|
|a GBA1-Z2405
|
| 020 |
|
|
|a 0761967931
|
| 020 |
|
|
|a 076196794X (pbk.)
|
| 035 |
|
|
|a (OCoLC)ocm45991405
|
| 040 |
|
|
|a UKM
|c UKM
|d DLC
|d BD-DhAAL
|
| 042 |
|
|
|a lccopycat
|
| 050 |
0 |
0 |
|a LB1139.23
|b .C38 2001
|
| 082 |
0 |
0 |
|a 372.21
|2 21
|
| 100 |
1 |
|
|a Carr, Margaret.
|9 43412
|
| 245 |
1 |
0 |
|a Assessment in early childhood settings :
|b learning stories /
|c Margaret Carr.
|
| 260 |
|
|
|a London :
|b P. Chapman Pub.,
|c 2001 [Reprinted 2005].
|
| 300 |
|
|
|a xiii, 202 pages :
|b illustrations ;
|c 25 cm.
|
| 504 |
|
|
|a Includes bibliographical references (p. 189-197) and index.
|
| 533 |
|
|
|a BIED
|
| 541 |
|
|
|a Complimentary copy from BIED
|e 36051
|
| 650 |
|
0 |
|a Early childhood education
|x Evaluation.
|9 43413
|
| 852 |
|
|
|a Ayesha Abed Library
|c BIED Collection
|
| 942 |
|
|
|2 ddc
|c BK
|
| 999 |
|
|
|c 43336
|d 43336
|
| 952 |
|
|
|0 0
|1 0
|2 ddc
|4 0
|6 372_210000000000000_CAR
|7 0
|9 69522
|a BRACUL
|b BRACUL
|c GEN
|d 2021-12-01
|e Complimentary copy from BIED
|l 0
|o 372.21 CAR
|p 3010036051
|r 2021-12-01
|t 1
|w 2021-12-01
|y BK
|x Transferred from BIED to General Stacks
|